|
|
|
|
| LEADER |
00000cam a2200000 7i4500 |
| 001 |
0000002633 |
| 005 |
20050422.0 |
| 020 |
|
|
|a 0574206604
|
| 040 |
|
|
|a INS
|
| 090 |
0 |
0 |
|a HF5718.
|b H293 1983
|
| 100 |
1 |
|
|a Hatch, Richard A.
|
| 245 |
1 |
0 |
|a Business communication :
|b Theory and techniques
|c Richard A. Hatch
|
| 260 |
|
|
|a United States :
|b Science Research Associates, Inc. ,
|c 1983
|
| 300 |
|
|
|a xiv, 522p. :
|b illus ;
|c 24 cm.
|
| 650 |
0 |
0 |
|a Business report writing
|
| 650 |
0 |
0 |
|a Commercial correspondence
|
| 650 |
0 |
0 |
|a Communication in management
|
| 999 |
|
|
|a 0000000948
|b BOOK
|c Open Shelf
|e Default branch
|